| 000 | 00392nam a2200145 a 4500 | ||
|---|---|---|---|
| 001 | 3582 | ||
| 003 | CDMR | ||
| 005 | 20130116135246.0 | ||
| 008 | 130130s1994||||||||||||||||||||||||||||d | ||
| 040 |
_aCDMR _bcat _cCPC GIRONA |
||
| 100 | 1 |
_aPons, Jordi _92556 |
|
| 245 | 1 | 0 |
_aTerritori i societat romana a Catalunya _bDels inicis al baix Imperi _cPons, Jordi |
| 260 |
_c1994 _bEdicions 62 |
||
| 942 | _cMON | ||
| 999 |
_c3582 _d3582 |
||